[Event "Titled Tuesday intern op 25th Jul Early"]
[Site "Chess.com INT"]
[Date "2023.07.25"]
[Round "7"]
[White "Tikhonov, Viacheslav"]
[Black "Ugarte Soto, Cesar"]
[Result "1-0"]
[WhiteElo "2201"]
[BlackElo "2088"]
[PlyCount "53"]
[EventDate "2023.07.25"]
[EventType "swiss (blitz)"]
[EventRounds "11"]
[EventCountry "USA"]
[SourceTitle "EXT 2024"]
[Source "ChessBase"]
[SourceDate "2023.10.10"]
[SourceVersion "1"]
[SourceVersionDate "2023.10.10"]
[SourceQuality "1"]

1. e4 c5 2. Nf3 Nc6 3. d4 cxd4 4. Nxd4 Qb6 5. Nb3 Nf6 6. Nc3 e6 7. Be3 Qc7 8. Be2 a6 9. Qd2 b5 10. a3 b4 11. axb4 Bxb4 12. f3 0-0 13. 0-0 d5 14. exd5 Bxc3 15. Qxc3 Nxd5 16. Qc5 Nxe3 17. Qxe3 a5 18. c3 Ba6 19. Bxa6 Rxa6 20. Nc5 Raa8 21. Qf2 Rfb8 22. Rfd1 Qb6 23. Rd2 g6 24. Rad1 Ne7 25. Rd6 Qxb2 26. Rd8+ Kg7 27. Qxb2 1-0

[Event "Titled Tuesday intern op 25th Jul Late"]
[Site "Chess.com INT"]
[Date "2023.07.25"]
[Round "1"]
[White "Trifan, Andrei Ioan"]
[Black "Ugarte Soto, Cesar"]
[Result "1-0"]
[WhiteElo "2300"]
[BlackElo "2088"]
[PlyCount "111"]
[EventDate "2023.07.25"]
[EventType "swiss (blitz)"]
[EventRounds "11"]
[EventCountry "USA"]
[SourceTitle "EXT 2024"]
[Source "ChessBase"]
[SourceDate "2023.10.10"]
[SourceVersion "1"]
[SourceVersionDate "2023.10.10"]
[SourceQuality "1"]

1. e4 c5 2. Nf3 Nc6 3. Bc4 e6 4. Nc3 a6 5. a4 Nge7 6. Ba2 g6 7. 0-0 Bg7 8. Re1 0-0 9. d3 d5 10. Bg5 h6 11. Bh4 Qd7 12. Qd2 b6 13. Rad1 Bb7 14. h3 Rfe8 15. e5 Nf5 16. Bg3 Nxg3 17. fxg3 Rac8 18. g4 Nd4 19. Qf2 Nxf3+ 20. gxf3 b5 21. axb5 axb5 22. f4 b4 23. Ne2 d4 24. Ng3 Kh7 25. Bc4 Qc6 26. Ne4 Rcd8 27. Kh2 Rf8 28. Qh4 Qc7 29. Ra1 Bxe4 30. Rxe4 f6 31. exf6 Rxf6 32. Qg3 Rdf8 33. Rf1 g5 34. Bxe6 Rxf4 35. Bf5+ Kh8 36. Rfxf4 gxf4 37. Qf3 Be5 38. Kg2 Kg7 39. Re2 Kf6 40. Qd5 Re8 41. Kf3 Qd6 42. Qc4 Qc6+ 43. Re4 Qd6 44. b3 Re7 45. h4 Kg7 46. g5 hxg5 47. hxg5 Kf8 48. g6 Qf6 49. Kg4 Kg7 50. Qd5 Re8 51. Qb7+ Re7 52. Qc8 Re8 53. Qxe8 f3 54. Re1 f2 55. Rf1 Qc6 56. Qxc6 1-0

[Event "Titled Tuesday intern op 25th Jul Late"]
[Site "Chess.com INT"]
[Date "2023.07.25"]
[Round "10"]
[White "Ugarte Soto, Cesar"]
[Black "Clawitter, Craig"]
[Result "1/2-1/2"]
[WhiteElo "2088"]
[BlackElo "2050"]
[PlyCount "77"]
[EventDate "2023.07.25"]
[EventType "swiss (blitz)"]
[EventRounds "11"]
[EventCountry "USA"]
[SourceTitle "EXT 2024"]
[Source "ChessBase"]
[SourceDate "2023.10.10"]
[SourceVersion "1"]
[SourceVersionDate "2023.10.10"]
[SourceQuality "1"]

1. d4 Nf6 2. Bf4 g6 3. h3 Bg7 4. Nf3 d5 5. e3 0-0 6. Be2 c5 7. c3 Nc6 8. 0-0 Bf5 9. Nbd2 Ne4 10. g4 Nxd2 11. Qxd2 Be4 12. Ng5 e5 13. Nxe4 dxe4 14. Bg3 exd4 15. cxd4 cxd4 16. exd4 Qxd4 17. Qc2 Rac8 18. Rfd1 Qxb2 19. Qxb2 Bxb2 20. Rab1 Be5 21. Bxe5 Nxe5 22. Rxb7 Rc2 23. Kf1 Rxa2 24. Rd4 Nf3 25. Bxf3 exf3 26. Kg1 Re8 27. Rdd7 Re1+ 28. Kh2 Rxf2+ 29. Kg3 Ref1 30. Rxf7 g5 31. Rg7+ Kf8 32. Rgf7+ Ke8 33. Rfe7+ Kd8 34. Red7+ Kc8 35. Rdc7+ Kd8 36. Rd7+ Ke8 37. Re7+ Kf8 38. Rf7+ Ke8 39. Rfe7+ 1/2-1/2